Science Quiz

Random Science or Show Quiz
Score 0/27 Timer 03:00
0 Plays Today
Hint Answer % Correct
Breaking BadN - Nitrogen
77%
Bryan CranstonN - Nitrogen
77%
Aaron PaulN - Nitrogen
77%
Anna GunnN - Nitrogen
77%
Bryan CranstonO - Oxygen
75%
Aaron PaulO - Oxygen
75%
Breaking BadBr - Bromine
72.8%
Bryan CranstonBr - Bromine
72.8%
Breaking BadBa - Barium
70%
Aaron PaulAr - Argon
69.7%
Anna GunnNa - Sodium
67%
Breaking BadK - Potassium
66.3%
Breaking BadB - Boron
64.3%
Bryan CranstonB - Boron
64.3%
Hint Answer % Correct
Aaron PaulAu - Gold
60.5%
Bryan CranstonC - Carbon
55.8%
Breaking BadI - Iodine
46%
Aaron PaulU - Uranium
42.6%
Anna GunnU - Uranium
42.6%
Bryan CranstonCr - Chromium
42.2%
Aaron PaulP - Phosphorus
39.4%
Bryan CranstonY - Yttrium
38.4%
Bryan CranstonRa - Radium
37.6%
Bryan CranstonS - Sulfur
31.4%
Breaking BadIn - Indium
30.5%
Breaking BadRe - Rhenium
20.2%
Aaron PaulPa - Protactinium
10.1%
Remove Ads.
Support Sporcle.
Get the best of Sporcle when you Go Orange. This ad-free experience offers more features, more stats, and more fun while also helping to support Sporcle. Thank you for becoming a member.

You're not logged in!

Compare scores with friends on all Sporcle quizzes.
OR
Log In

Show Comments

Extras

Top Quizzes Today


Score Distribution

Your Account Isn't Verified!

In order to create a playlist on Sporcle, you need to verify the email address you used during registration. Go to your Sporcle Settings to finish the process.

Report this User

Report this user for behavior that violates our Community Guidelines.

Details: